| 000 | 01269cam a22003254a 4500 | ||
|---|---|---|---|
| 999 |
_c531555 _d531555 |
||
| 001 | 15406095 | ||
| 003 | NUST | ||
| 005 | 20191018122051.0 | ||
| 008 | 080725s2007 ag a c 000 0dspa | ||
| 010 | _a 2008458586 | ||
| 020 | _a9870525385 | ||
| 020 | _a9789870525387 | ||
| 035 | _a(CVcHKB)kb2001087241 | ||
| 038 | _awaseem | ||
| 040 |
_aDLC _cDLC |
||
| 050 | 0 | 0 |
_aN6639.C39 _bA4 2007 |
| 082 |
_a708 _bCAV |
||
| 100 | 1 |
_aCavallero, Juan, _d1941- _924398 |
|
| 245 | 1 | 0 |
_aJuan Cavallero : _boficios. |
| 246 | 3 | 0 | _aOficios |
| 260 |
_a[Buenos Aires?] : _bLínea Oculta, _c[2007] |
||
| 300 |
_a354 p. : _bill. ; _c29 cm. |
||
| 500 | _aCatalog of an exhibition held May 2007, Palais de Glace, Buenos Aires. | ||
| 520 | 8 | _a"Major monograph/exhibition on Cavallero (b. Buenos Aires) that includes his work as an artist, photographer, and graphic designer. In 1982 he created a design workshop in Buenos Aires which has become on of the most important in Argentina"--Provided by vendor. | |
| 600 | 1 | 0 |
_aCavallero, Juan, _d1941- _vExhibitions. _924399 |
| 710 | 2 |
_aSalas Nacionales de Exposición, Palais de Glace (Argentina) _924400 |
|
| 906 |
_a7 _bcbc _corigres _d2 _encip _f20 _gy-gencatlg |
||
| 942 |
_2ddc _cBK |
||